Civilisation test cle ( Niveau inter )

Na minha lista:
Detalhes bibliográficos
Formato: Livro
Publicado em: 2003
Tags: Adicionar Tag
Sem tags, seja o primeiro a adicionar uma tag!
Thư viện lưu trữ: Mạng thư viện Đại học Đà Nẵng
LEADER 00460nam a22001811a 4500
001 000036455
003 12750
005 20160408151547.0
008 160408s2003 000
082 |a 4P(07) 160-64 
245 |a Civilisation test cle ( Niveau inter )  |c Ste’phanle An’thony 
260 |c 2003 
OWN |a LNN 
999 |a From the UDN01 
TYP |a Monograph 
980 |a Mạng thư viện Đại học Đà Nẵng